书目信息 |
| 题名: |
低碳政策下汽车供应链运营决策优化研究
|
|
| 作者: | 程永伟 , 穆东 著 | |
| 分册: | ||
| 出版信息: | 北京 北京交通大学出版社 2018 |
|
| 页数: | 186页 | |
| 开本: | 24cm | |
| 丛书名: | ||
| 单 册: | ||
| 中图分类: | F426.471 , F426.4 | |
| 科图分类: | ||
| 主题词: | 低碳经济--经济政策--影响--汽车工业--供应链管理--运营管理--研究--中国 | |
| 电子资源: | ||
| ISBN: | 978-7-5121-3769-1 | |
| 000 | 00827nam0 2200241 450 | |
| 001 | 2336944745 | |
| 005 | 20231218173652.09 | |
| 010 | @a978-7-5121-3769-1@dCNY66.00 | |
| 100 | @a20190406d2018 em y0chiy50 ea | |
| 101 | 0 | @achi |
| 102 | @aCN@b110000 | |
| 105 | @aak z 000yy | |
| 200 | 1 | @a低碳政策下汽车供应链运营决策优化研究@9di tan zheng ce xia qi che gong ying lian yun ying jue ce you hua yan jiu@f程永伟,穆东著 |
| 210 | @a北京@c北京交通大学出版社@d2018 | |
| 215 | @a186页@c图@d24cm | |
| 300 | @a物流资源低碳整合与优化研究 | |
| 606 | 0 | @a低碳经济@x经济政策@x影响@x汽车工业@x供应链管理@x运营管理@x研究@y中国 |
| 690 | @aF426.471@v5 | |
| 690 | @aF426.4@v4 | |
| 701 | 0 | @a程永伟@9cheng yong wei@4著 |
| 701 | 0 | @a穆东@9mu dong@4著 |
| 801 | 0 | @aCN@b大连网信软件有限公司图书馆·11@c20231103 |
| 905 | @aBZT@dF426.4@e38 | |
| 低碳政策下汽车供应链运营决策优化研究/程永伟,穆东著.-北京:北京交通大学出版社,2018 |
| 186页:图;24cm |
| 物流资源低碳整合与优化研究 |
| ISBN 978-7-5121-3769-1:CNY66.00 |
| ● |
| 相关链接 |
|
|
|
正题名:低碳政策下汽车供应链运营决策优化研究
索取号:F426.4/38
 
预约/预借
| 序号 | 登录号 | 条形码 | 馆藏地/架位号 | 状态 | 备注 |
| 1 | 2000942697 | 2000942697 | 安徽时代转三新/湖北三新(第三批)/73/ [索取号:F426.4/38] | 在馆 | |
| 2 | 2000942698 | 2000942698 | 安徽时代转三新/湖北三新(第三批)/73/ [索取号:F426.4/38] | 在馆 | |
| 3 | 2000942699 | 2000942699 | 安徽时代转三新/湖北三新(第三批)/73/ [索取号:F426.4/38] | 在馆 | |
| 4 | 2000942700 | 2000942700 | 安徽时代转三新/湖北三新(第三批)/73/ [索取号:F426.4/38] | 在馆 | |
| 5 | 2000942701 | 2000942701 | 安徽时代转三新/湖北三新(第三批)/73/ [索取号:F426.4/38] | 在馆 | |
| 6 | 2000942702 | 2000942702 | 安徽时代转三新/湖北三新(第三批)/73/ [索取号:F426.4/38] | 在馆 |